000 00696cam a22001457a 4500
008 180718b1962 xxu||||| |||| 00| 0 eng d
082 _aZ306x54 In2
100 _aIndia. Committee for Manufacture of Poultry Equipment
245 _aReport of the Committee for Manufacture of Poultry Equipment in India
_cby Department of Heavy Engineering, Ministry of Steel, Mines and Heavy Engineering
260 _aNew Delhi
_bDepartment of Heavy Engineering, Ministry of Steel, Mines and Heavy Engineering
_c1962
300 _a34+p.
500 _aChairman: Krishan Chand
700 _aIndia. Ministry of Steel, Mines and Heavy Engineering. Department of Heavy Engineering
700 _aKrishan Chand (Chairman)
999 _c489901
_d489901